Electromagnetism: With solved problems (Record no. 397096)
[ view plain ]
| 000 -LEADER | |
|---|---|
| fixed length control field | 00547 a2200205 4500 |
| 005 - DATE & TIME | |
| control field | 20260417121959.0 |
| 008 - FIXED-LENGTH DATA ELEMENTS--GENERAL INFORMATION | |
| fixed length control field | 260417b |||||||| |||| 00| 0 eng d |
| 020 ## - ISBN | |
| International Standard Book Number | 9783030967796 |
| Price | € 69.99 |
| 040 ## - CATALOGING SOURCE | |
| Original cataloging agency | VIVEKANANDA LIBRARY |
| 082 ## - DDC NUMBER | |
| Classification number | 537 |
| Book Number | K128E |
| 100 ## - MAIN ENTRY--PERSONAL NAME | |
| Personal name | Kamberaj, Hiqmet |
| 245 ## - TITLE STATEMENT | |
| Title | Electromagnetism: With solved problems |
| 260 ## - PUBLICATION, DISTRIBUTION, ETC. (IMPRINT) | |
| Name of publisher, distributor, etc | Springer |
| Date of publication, distribution, etc | 2022 |
| Place of publication, distribution, etc | Switzerland |
| 300 ## - PHYSICAL DESCRIPTION | |
| Pages | xiii, 395 |
| 440 ## - Series Statement | |
| Series Title | Undergradute texts in physics |
| 650 ## - Subject | |
| Subject | Natural Science |
| 650 ## - Subject | |
| Subject | Physics |
| 650 ## - Subject | |
| Subject | Electricity- Magnetism |
| 942 ## - ADDED ENTRY ELEMENTS (KOHA) | |
| Koha item type | Books |
| Withdrawn status | Lost status | Source of classification or shelving scheme | Damaged status | Not for loan | Location (home branch) | Sublocation or collection (holding branch) | Shelving location | Date acquired | Koha issues (times borrowed) | Koha full call number | Accession No. | Koha date last seen | Koha item type |
|---|---|---|---|---|---|---|---|---|---|---|---|---|---|
| Dewey Decimal Classification | VIVEKANANDA LIBRARY | VIVEKANANDA LIBRARY | UIET Library | 24/03/2026 | 537 K128E | 431182 | 24/03/2026 | Books |
